Concepts in physical chemistry (Record no. 394574)
[ view plain ]
| 000 -LEADER | |
|---|---|
| fixed length control field | 00530 a2200205 4500 |
| 005 - DATE & TIME | |
| control field | 20260128110216.0 |
| 008 - FIXED-LENGTH DATA ELEMENTS--GENERAL INFORMATION | |
| fixed length control field | 260127b |||||||| |||| 00| 0 eng d |
| 020 ## - ISBN | |
| International Standard Book Number | 9781837673865 |
| Price | £ 75.00 |
| 040 ## - CATALOGING SOURCE | |
| Original cataloging agency | VIVEKANANDA LIBRARY |
| 082 ## - DDC NUMBER | |
| Classification number | 541.3 |
| Book Number | A53C(2) |
| 100 ## - MAIN ENTRY--PERSONAL NAME | |
| Personal name | Atkins, Peter |
| 245 ## - TITLE STATEMENT | |
| Title | Concepts in physical chemistry |
| 250 ## - EDITION STATEMENT | |
| Edition statement | 2nd |
| 260 ## - PUBLICATION, DISTRIBUTION, ETC. (IMPRINT) | |
| Name of publisher, distributor, etc | Royal Society of Chemistry |
| Date of publication, distribution, etc | 2024 |
| Place of publication, distribution, etc | Croydon |
| 300 ## - PHYSICAL DESCRIPTION | |
| Pages | x, 384 |
| 650 ## - Subject | |
| Subject | Chemistry |
| 650 ## - Subject | |
| Subject | Physical Chemistry |
| 650 ## - Subject | |
| Subject | Chemical Thermodynamics |
| 942 ## - ADDED ENTRY ELEMENTS (KOHA) | |
| Koha item type | Books |
| Withdrawn status | Lost status | Source of classification or shelving scheme | Damaged status | Not for loan | Location (home branch) | Sublocation or collection (holding branch) | Shelving location | Date acquired | Koha issues (times borrowed) | Koha full call number | Accession No. | Koha date last seen | Koha item type |
|---|---|---|---|---|---|---|---|---|---|---|---|---|---|
| Dewey Decimal Classification | VIVEKANANDA LIBRARY | VIVEKANANDA LIBRARY | Vivekananda Library | 17/12/2025 | 541.3 A53C(2) | 443674 | 17/12/2025 | Books |
